000 00313nam a22001337a 4500
008 181030b xxu||||| |||| 00| 0 eng d
020 _a9780534528058
041 _aeng
080 _23 ED
_a370
100 _a45
101 _aEDU
245 _aUnderstanding Generaalist Practice
_cKirstr.K.K
942 _2udc
_cBK
999 _c51182
_d51182